|
|
|
|
| LEADER |
00000nab a2200000 a 4500 |
| 001 |
vtls000258744 |
| 003 |
SK-MaSNL |
| 005 |
20260304070342.0 |
| 008 |
250423c1986 xo 0 slo |
| 015 |
|
|
|a SNBRB19rr/mm-uuuuu
|
| 035 |
|
|
|a CL0268858
|
| 035 |
|
|
|a urn:nbn:sk:snk-ab6pg
|
| 035 |
|
|
|a (urnnbn)urn:nbn:sk:snk:ar-0053oh
|
| 035 |
|
|
|a (uuid)924976d8-7e9c-4327-8971-2ed4afe439ad
|
| 040 |
|
|
|a SNKBUCL
|b slo
|c SNKBUCL
|e AACR2
|
| 041 |
0 |
|
|a slo
|
| 044 |
|
|
|a xo
|c SK
|
| 080 |
|
|
|a 747(437.6):069.5
|2 1981
|
| 080 |
|
|
|a 069.5
|2 1981
|
| 080 |
|
|
|a 73/76.05(437.6)
|2 1981
|
| 080 |
|
|
|a 658.512.2
|2 1981
|
| 100 |
1 |
|
|a Radimáková, Emília
|4 aut
|9 7678
|
| 245 |
1 |
0 |
|a Vnútorná architektúra
|c Emília Radimáková
|
| 300 |
|
|
|b Obr. 3.
|
| 650 |
0 |
7 |
|a umenie výtvarné úžitkové slovenské
|2 snkbucl
|9 947859
|
| 650 |
0 |
7 |
|a výtvarníctvo priemyselné slovenské
|2 snkbucl
|9 947860
|
| 650 |
0 |
7 |
|a architektúra vnútorná
|2 snkbucl
|9 1356279
|
| 655 |
|
7 |
|a články z novín a časopisov
|2 snkbucl
|9 267496
|
| 773 |
0 |
|
|t Výtvarný život
|g Roč. 31, č. 9 (1986), s. 16-17
|
| 850 |
|
|
|a Slovenská národná knižnica
|
| 852 |
|
|
|a Slovenská národná knižnica
|
| 954 |
|
|
|a odborná, vedecká literatúra pôvodná (slovenská)
|2 lita
|
| 957 |
|
|
|a 5100
|
| 958 |
|
|
|a article27
|
| 958 |
|
|
|a RK
|
| 958 |
|
|
|a OND
|
| 958 |
|
|
|a EUIPO
|
| 992 |
|
|
|a RBX
|
| 999 |
|
|
|c 2755368
|d 2757298
|